01351nam a2200325Ia 4500001001200000003000800012006001900020007001500039008004100054020002400095020002100119020001800140040002100158035002100179050002300200100001700223245010100240260005800341300002500399504005100424533015200475650005200627650005400679651004600733651005700779655002900836710001700865856012600882999001701008ebr10372281CaPaEBRm u cr cn|||||||||090414s2009 xnaa sb 001 0 eng d z9781742230122 (pbk) z1742230121 (pbk) z9781742231938 aCaPaEBRcCaPaEBR a(OCoLC)64789137514aHC605b.C65 2009eb1 aConley, Tom.14aThe vulnerable countryh[electronic resource] :bAustralia and the global economy /cTom Conley. aSydney :bUniversity of New South Wales Press,c2009. aviii, 325 p. :bill. aIncludes bibliographical references and index. aElectronic reproduction.bPalo Alto, Calif. :cebrary,d2010.nAvailable via World Wide Web.nAccess may be limited to ebrary affiliated libraries. 0aInternational economic relationsy21st century. 0aInternational business enterprisesy21st century. 0aAustraliaxEconomic policyy21st century. 0aAustraliaxForeign economic relationsy21st century. 7aElectronic books.2local2 aebrary, Inc.40uhttp://site.ebrary.com/lib/rucke/Doc?id=10372281zAn electronic book accessible through the World Wide Web; click to view c98680d98680